LIBRARY & INFORMATION CENTRE, KCAET, TAVANUR

ONLINE PUBLIC ACCESS CATALOGUE (OPAC)

Alibaba and Alladin / (Record no. 6963)

MARC details
000 -LEADER
fixed length control field 00431cam a2200181ua 4500
041 ## - LANGUAGE CODE
Language code of text/sound track or separate title eng
082 ## - DEWEY DECIMAL CLASSIFICATION NUMBER
Classification number 823.301
Item number HUG/AL
100 ## - MAIN ENTRY--AUTHOR NAME
Personal name Hughes, H G .
245 ## - TITLE STATEMENT
Title Alibaba and Alladin /
250 ## - EDITION STATEMENT
Edition statement 1 /
260 ## - PUBLICATION, DISTRIBUTION, ETC. (IMPRINT)
Place of publication London :
Name of publisher Longman Green and Co ,
Year of publication 1963.
300 ## - PHYSICAL DESCRIPTION
Number of Pages 64 ; .
942 ## - ADDED ENTRY ELEMENTS (KOHA)
Koha item type Books
Holdings
Withdrawn status Lost status Damaged status Home library Current library Date acquired Full call number Accession Number Koha item type Public note
Withdrawn     KAUAET Central Prison Tavanur 07/04/2012 823.301 9988 Books  
Withdrawn     KAUAET Central Prison Tavanur 07/04/2012 823.301 9987 Books  
Withdrawn     KAUAET KAUAET 07/04/2012 823.301 9985 Books Deleted
free website counter